LEADER 01002cam0-22003851i-450- 001 990000415730403321 005 20091126120614.0 035 $a000041573 035 $aFED01000041573 035 $a(Aleph)000041573FED01 035 $a000041573 100 $a20020821d1965----km-y0itay50------ba 101 0 $aeng 102 $aUS 105 $aa-------001yy 200 1 $aHeat exchanger design$fArthur P. Fraas and M. Necati Ozisik 210 $aNew York$cJohn Wiley & Sons$d1965 215 $a385 p.$cill.$d29 cm 610 0 $aImpianti di riscaldamento 610 0 $aFisica tecnica 676 $a621 676 $a696 676 $a620 700 1$aFraas,$bArthur P. 701 1$aÖz???k,$bM. Necati 801 0$aIT$bUNINA$gRICA$2UNIMARC 901 $aBK 912 $a990000415730403321 952 $a08 B 171$b5486 (AT)$fDINED 952 $a00 A988$b2115$fDETEC 952 $a04 164-25$bCI 6091$fDINCH 959 $aDINED 959 $aDETEC 959 $aDINCH 997 $aUNINA LEADER 01456nam0 2200409 450 001 000019662 005 20070213045347.0 010 $a2-7073-1755-1 100 $a20070213d--------km-y0itaa50------ba 101 0 $afre 102 $aFR 200 1 $aRoberto Zucco$asuivi de Tabataba$aCoco$aet un hangar, à l'ouest$enotes$fBernard Marie Koltès 200 1 $a1 $n0005444 210 $aParis$c<> editions de Minuit 215 $a139 p.$d18 cm. 423 1$12001$aTabataba 423 1$12001$aCoco 423 1$12001$a<> hangar, à l'ouest : notes 676 $a842.92$v(21. ed.)$9Letteratura drammatica francese. 2000- 700 1$aKoltès,$bBernard Marie$0757274 801 0$aIT$bUniversità della Basilicata - B.I.A.$gRICA$2unimarc 912 $a000019662 996 $aRoberto Zucco$91527492 996 $aSuivi de Tabataba$91527493 996 $aEt un hangar, à l'ouest$91527495 996 $aCoco$91527494 997 $aUNIBAS BAS $aLETTERE CAT $aMDL$b30$c20070213$lBAS01$h0258 CAT $aMDL$b30$c20070213$lBAS01$h0312 CAT $aMDL$b30$c20070213$lBAS01$h0323 CAT $aMDL$b30$c20070213$lBAS01$h0323 CAT $aMDL$b30$c20070213$lBAS01$h0439 CAT $aMDL$b30$c20070213$lBAS01$h0453 CAT $aBATCH$b00$c20070503$lBAS01$h1734 FMT Z30 -1$lBAS01$LBAS01$mBOOK$1BASA1$APolo Storico-Umanistico$2DID$BDidattica$3FP/105309$6105309$5L105309$820070213$f04$FPrestabile Didattica